• 首页
  • 本馆介绍
  • 公告通知
  • 最新文献
  • 馆藏检索
  • 电子资源
  • 读者导购
  • 参考咨询
  • 我的图书馆
  • 登录
  • 详细信息显示
  • 放入我的书架
  • 预约/预借图书
  • 作者相关作品
  • 分类相关作品
  • 丛书相关作品
  • 出版社相关作品

书目信息

  • 表格格式
  • 工作单格式
  • 卡片格式
题名:
幼儿轮滑
    
 
作者: 王岐富 , 刘勇 编著
分册:  
出版信息: 长沙   湖南师范大学出版社  2017
页数: 172页
开本: 24cm
丛书名:
单 册:
中图分类: G862.8
科图分类:
主题词: 滑轮滑冰
电子资源:
ISBN: 978-7-5648-2768-7
000 00975nam0 2200241 450
001 2179
005 20180522171624.54
010    @a978-7-5648-2768-7@dCNY30.00
100    @a20180315d2017 em y0chiy50 ea
101 0  @achi
102    @aCN@b430000
105    @aa z 000yy
200 1  @a幼儿轮滑@9you er lun hua@f王岐富,刘勇编著
210    @a长沙@c湖南师范大学出版社@d2017
215    @a172页@c图@d24cm
300    @a湖南省教育科学规划课题“湖南民族传统体育课程的艺术化教学模式研究” 湖南省高校教育教学改革研究项目“初中起点六年制本科学前教育专业体育课程体系的构建与实证研究”研究成果 幼儿体育教育系列教材/杨斌,陈捷主编
330    @a本书介绍了轮滑运动概述、轮滑运动基本知识、幼儿轮滑概述、幼儿身心发展特点及体育教学规律、小说轮滑教学活动、中班轮滑教学活动、大班轮滑教学活动等9章内容。
606 0  @a滑轮滑冰
690    @aG862.8@v5
701  0 @a王岐富@9wang qi fu@4编著
701  0 @a刘勇@9liu yong@4编著
801  0 @aCN@b91MARC@c20180315
905    @aMuseLib@dG862.8@e86
    
    幼儿轮滑/王岐富,刘勇编著.-长沙:湖南师范大学出版社,2017
    172页:图;24cm
    湖南省教育科学规划课题“湖南民族传统体育课程的艺术化教学模式研究” 湖南省高校教育教学改革研究项目“初中起点六年制本科学前教育专业体育课程体系的构建与实证研究”研究成果 幼儿体育教育系列教材/杨斌,陈捷主编
    
    ISBN 978-7-5648-2768-7:CNY30.00
    本书介绍了轮滑运动概述、轮滑运动基本知识、幼儿轮滑概述、幼儿身心发展特点及体育教学规律、小说轮滑教学活动、中班轮滑教学活动、大班轮滑教学活动等9章内容。
●
相关链接 在E读中查询图书 在五车中查询图书 在当当中查询图书 在豆瓣中查询图书


正题名:幼儿轮滑     索取号:G862.8/86         预约/预借

序号 登录号 条形码 馆藏地/架位号 状态 备注
1 1108273   211082736   第一样本阅览室/ [索取号:G862.8/86] 在馆    
2 1108274   211082745   教育系资料室/ [索取号:G862.8/86] 在馆    
3 1108275   211082754   教育系资料室/ [索取号:G862.8/86] 在馆    
4 1108276   211082763   第四借阅区/ [索取号:G862.8/86] 在馆    
唐山师范学院图书馆 欢迎您!
大连网信软件有限公司© 版权所有